Пътешествие по границата на САЩ - Statistics

General Stats
  • This quiz has been taken 9 times
  • The average score is 16 of 36
Answer Stats
Country % Correct
Вашингтон
100%
Орегон
71%
Калифорния
71%
Аризона
71%
Ню Мексико
71%
Тексас
71%
Луизиана
71%
Мисисипи
71%
Алабама
71%
Флорида
71%
Джорджия
71%
Южна Каролина
71%
Северна Каролина
71%
Вирджиния
71%
Мериланд
57%
Делауер
29%
Ню Джърси
29%
Ню Йорк
29%
Кънектикът
29%
Роуд Айлънд
29%
Масачузетс
29%
Мейн
29%
Вермонт
29%
Ню Йорк
29%
Пенсилвания
29%
Охайо
29%
Мичиган
29%
Северна Дакота
29%
Монтана
29%
Айдахо
29%
Вашингтон
29%
Вирджиния
14%
Мериланд
14%
Ню Хампшър
14%
Ню Хампшър
14%
Минесота
14%
No matching quizzes found
Score Distribution
Percent of People with Each Score
Percentile by Number Answered
Your Score History
You have not taken this quiz